000 02595cam a2200457 i 4500
001 768714001
003 CO-MdFUSB
005 20220617141034.0
007 ta
008 160314t2016 mnu b 000 0 eng d
020 _a1506415830
040 _aYDXCP
_beng
_cCO-MdFUSB
_dBTCTA
_dOCLCQ
_dSRU
_erda
041 _aeng
082 _223
_a223.06
_bW811
245 0 0 _aWisdom, worship and poetry :
_bfortress commentary on the Bible study edition.
_c/ editado por Gale A. Yee , Hugh R. Page Jr. , Matthew J. M. Coomber
250 _aedición de estudio
264 1 _aMinneapolis :
_bFortress Press,
_c[2016]
264 4 _c© 2016
300 _a240 páginas en varias paginaciones;
_c24 cm.
336 _atexto
_btxt
_2rdacontent.
337 _asin mediación
_bn
_2rdamedia.
338 _avolumen
_bnc
_2rdacarrier.
490 1 _aFortress commentary on the Bible.
490 1 _aFortress commentary on the Bible study edition.
500 _aPublicado originalmente en 2014 como parte de la serie de dos volúmenes Fortress Commentary on the Bible. La serie ahora se ha dividido en ocho ediciones de estudio.
504 _aIncluye referencias bibliográficas.
505 _aLectura del Antiguo Testamento en contextos antiguos y contemporáneos / Matthew JM Coomber -- El pueblo de Dios y los pueblos de la Tierra / Hugh R. Page Jr. -- Lectura del Antiguo Testamento cristiano en el mundo contemporáneo / Daniel L. Smith-Christopher - - Temas y perspectivas en los escritos poéticos / Timothy J. Sandoval -- Job / Alissa Jones Nelson -- Salmos / W. Derek Suderman -- Proverbios / Carole R. Fontaine -- Eclesiastés / Micah D. Kiel -- Cantar de los Cantares / Hugh R. Página Jr.
520 _a"Este volumen de Fortress Commentary on the Bible: Old Testament and Apocrypha incluye comentarios sobre Job a través del Cantar de los Cantares, una introducción a temas y perspectivas en la sabiduría, la adoración y los escritos poéticos, y artículos adicionales que brindan orientación para leer el Antiguo Testamento en lenguaje antiguo. y contextos modernos"--Página 4 de la portada.
563 _aRústico
630 0 7 _aBiblia.
_pAntiguo Testamento
630 7 _aBiblia.
_pLibros Poéticos
_xCrítica, interpretación, etc.
650 7 _9488
_aPoesía hebrea
700 1 _aYee, Gale A.,
_d1949-
_eeditor.
700 1 _aPage, Hugh R.,
_eeditor.
700 1 _aCoomber, Matthew J. M.,
_eeditor.
830 0 _aFortress commentary on the Bible.
830 0 _aFortress commentary on the Bible study edition.
942 _cBK
945 _aJTF-925
999 _c67605
_d67605